| 000 | 00360nam a2200121 a 4500 | ||
|---|---|---|---|
| 001 | 000038007 | ||
| 005 | 20201002031141.0 | ||
| 008 | 130312s1997 dr 000 0 spa d | ||
| 040 |
_aDO-SdBNP _bspa _cBNPHU |
||
| 245 | 0 | 0 | _aManual para el oficial investigador de la policia judicial militar. |
| 260 |
_aSanto Domingo : _b[s.n.], _c1997. |
||
| 300 |
_a49 p. ; _c21 cm. |
||
| 999 |
_c37497 _d37497 |
||